Manchester United Squad 2017-2018 - Statistics

General Stats
  • This quiz has been taken 1,635 times
  • The average score is 23 of 28
Answer Stats
Nbr Post Nationality Player % Correct
1 GK Spain David De Gea
100%
6 MF France Paul Pogba
97%
9 FW Belgium Romelu Lukaku
96%
11 FW France Anthony Martial
95%
2 DF Sweden Victor Lindelöf
94%
10 FW Sweden Zlatan Ibrahimovic
94%
8 MF Spain Juan Mata
93%
3 DF Cote d'Ivoire Eric Bailly
92%
19 FW England Marcus Rashford
92%
25 MF Ecuador Antonio Valencia
91%
5 DF Argentina Marcos Rojo
91%
4 DF England Phil Jones
90%
31 MF Serbia Nemanja Matic
89%
20 GK Argentina Sergio Romero
89%
- Coach Portugal José Mourinho
88%
12 DF England Chris Smalling
83%
23 DF England Luke Shaw
83%
21 MF Spain Ander Herrera
81%
17 DF Netherlands Daley Blind
81%
27 MF Belgium Marouane Fellaini
81%
36 DF Italy Matteo Darmian
79%
14 MF England Jesse Lingard
78%
22 MF Armenia Henrikh Mkhitaryan
77%
16 MF England Michael Carrick
75%
39 MF Scotland Scott McTominay
70%
18 MF England Ashley Young
67%
38 DF England Axel Tuanzebe
41%
40 GK Portugal Joel Castro Pereira
38%
No matching quizzes found
Score Distribution
Percent of People with Each Score
Percentile by Number Answered
Your Score History
You have not taken this quiz